000
00213nam a2200097Ia 4500
008
170627s9999 xx 000 0 und d
100
_a
CHOPRA-SUNIL
245
0
_a
SUPPLY CHAIN MANAGEMENT
260
_b
PHI
260
_c
2006
546
_a
ENGLISH
999
_c
35532
_d
35532